[Event "Imperia op-A 52th"]
[Site "Imperia"]
[Date "2010.09.03"]
[Round "7"]
[White "Gioseffi, Massimiliano"]
[Black "Mela, Riccardo"]
[Result "1/2-1/2"]
[WhiteElo "2150"]
[BlackElo "2017"]
[PlyCount "93"]
[EventDate "2010.08.29"]
[EventType "swiss"]
[EventRounds "9"]
[EventCountry "ITA"]
[SourceTitle "EXT 2024"]
[Source "ChessBase"]
[SourceDate "2023.10.10"]
[SourceVersion "1"]
[SourceVersionDate "2023.10.10"]
[SourceQuality "1"]

1. d4 Nf6 2. c4 d6 3. Nf3 g6 4. Nc3 Bg7 5. e4 0-0 6. Be2 Nbd7 7. 0-0 e5 8. Re1 c6 9. Bf1 Qe7 10. Rb1 a5 11. a3 Re8 12. d5 c5 13. g3 b6 14. h3 Ba6 15. Qc2 Nf8 16. Be3 h6 17. Rec1 Reb8 18. b3 Bc8 19. Kh2 Bd7 20. Nb5 Bxb5 21. cxb5 Kh7 22. b4 N8d7 23. Bd2 axb4 24. axb4 Ra3 25. Bd3 Rba8 26. Be3 Ne8 27. Nd2 Ra2 28. Rb2 R2a7 29. bxc5 dxc5 30. Rbb1 Ra2 31. Rb2 R2a7 32. Qd1 Nd6 33. Rbb1 Ra3 34. Nc4 Ra2 35. Nxd6 Qxd6 36. Bc4 R2a5 37. Ra1 Nf6 38. f3 Ra3 39. Bd2 Qd8 40. Rxa3 Rxa3 41. Ra1 Rxa1 42. Qxa1 Ne8 43. Qa6 Nd6 44. Bf1 f5 45. Bg2 g5 46. exf5 Nxf5 47. Bc1 1/2-1/2

[Event "Imperia op-A 52th"]
[Site "Imperia"]
[Date "2010.09.01"]
[Round "5"]
[White "Mercandelli, Claudio"]
[Black "Mela, Riccardo"]
[Result "1/2-1/2"]
[WhiteElo "1903"]
[BlackElo "2017"]
[PlyCount "63"]
[EventDate "2010.08.29"]
[EventType "swiss"]
[EventRounds "9"]
[EventCountry "ITA"]
[SourceTitle "EXT 2024"]
[Source "ChessBase"]
[SourceDate "2023.10.10"]
[SourceVersion "1"]
[SourceVersionDate "2023.10.10"]
[SourceQuality "1"]

1. Nf3 Nf6 2. c4 d6 3. g3 g6 4. Bg2 Bg7 5. 0-0 e5 6. d3 0-0 7. Nc3 c6 8. Rb1 Bg4 9. h3 Bxf3 10. Bxf3 Nbd7 11. b4 Qe7 12. Qb3 Rab8 13. a4 h6 14. Bd2 b6 15. Qa3 a5 16. b5 c5 17. Bd5 Qd8 18. e4 Nxd5 19. Nxd5 f5 20. f3 Nf6 21. Nxf6+ Qxf6 22. Kg2 Qe6 23. Rbe1 f4 24. g4 Qe7 25. Re2 Kf7 26. Rh1 Bf6 27. Be1 h5 28. Kf1 Bh4 29. Qc1 Rh8 30. Rg2 Bxe1 31. Qxe1 h4 32. Re2 1/2-1/2

[Event "Imperia op-A 51st"]
[Site "Imperia"]
[Date "2009.09.04"]
[Round "7"]
[White "Miturova, Magdalena"]
[Black "Mela, Riccardo"]
[Result "1-0"]
[WhiteElo "1971"]
[BlackElo "2029"]
[PlyCount "77"]
[EventDate "2009.08.30"]
[EventType "swiss"]
[EventRounds "9"]
[EventCountry "ITA"]
[SourceTitle "EXT 2011"]
[Source "ChessBase"]
[SourceDate "2010.11.26"]
[SourceVersion "1"]
[SourceVersionDate "2010.11.26"]
[SourceQuality "1"]

1. e4 c5 2. Nf3 e6 3. d4 cxd4 4. Nxd4 a6 5. Nc3 Qc7 6. Bd3 Nc6 7. Nxc6 dxc6 8. 0-0 Bc5 9. Qg4 g6 10. Qe2 e5 11. Na4 Bd6 12. Be3 c5 13. Nc3 Be6 14. Bc4 0-0-0 15. Bxe6+ fxe6 16. Qc4 Qe7 17. a4 Kb8 18. a5 h6 19. Na4 Rc8 20. Ra3 Nf6 21. Rc3 Nd7 22. Rd1 Rc6 23. Qe2 Rhc8 24. Rc4 h5 25. Rd3 Nf6 26. Bg5 Qg7 27. Qd2 Ne8 28. Nb6 R8c7 29. Bd8 Rf7 30. b4 Bc7 31. Nd7+ Ka7 32. Bxc7 Nxc7 33. Nxc5 Nb5 34. Qe3 Nd4 35. c3 Nc2 36. Qc1 Rxc5 37. Rxc5 Na3 38. Qxa3 Rd7 39. c4 1-0

[Event "Imperia Corallo op-A 2nd"]
[Site "Imperia"]
[Date "2007.11.18"]
[Round "4"]
[White "Gallitto, Salvatore"]
[Black "Mela, Riccardo"]
[Result "1-0"]
[WhiteElo "1946"]
[BlackElo "2044"]
[PlyCount "97"]
[EventDate "2007.11.16"]
[EventType "swiss"]
[EventRounds "5"]
[EventCountry "ITA"]
[SourceTitle "EXT 2010"]
[Source "ChessBase"]
[SourceDate "2010.11.25"]
[SourceVersion "1"]
[SourceVersionDate "2010.11.25"]
[SourceQuality "1"]

1. d4 Nf6 2. e3 d5 3. Bd3 c5 4. c3 e6 5. Nd2 Be7 6. f4 Nc6 7. Ngf3 0-0 8. Ne5 Qc7 9. Qf3 c4 10. Bc2 b5 11. a3 Bb7 12. Qh3 Rad8 13. g4 Nxe5 14. fxe5 Ne4 15. 0-0 a5 16. Qg2 Nxd2 17. Bxd2 b4 18. axb4 axb4 19. g5 Ra8 20. h4 Rxa1 21. Rxa1 Ra8 22. Rf1 Bc6 23. h5 g6 24. Rf6 Bxf6 25. gxf6 Kh8 26. hxg6 fxg6 27. Qh3 Qf7 28. cxb4 Ra1+ 29. Kf2 Ba4 30. Bxa4 Rxa4 31. Bc3 Ra1 32. Qh4 Ra8 33. e4 g5 34. Qg4 Re8 35. exd5 exd5 36. b5 h6 37. b6 Kh7 38. b7 Qg6 39. Qd7+ Kh8 40. Qxd5 Qf5+ 41. Qf3 Qc2+ 42. Kg3 g4 43. Qe3 Qg6 44. f7 Rf8 45. e6 Qh5 46. d5+ Kh7 47. Qe4+ Qg6 48. Qxg6+ Kxg6 49. Bb4 1-0

[Event "Imperia Corallo op-A 2nd"]
[Site "Imperia"]
[Date "2007.11.16"]
[Round "1"]
[White "Mela, Riccardo"]
[Black "Montani, Riccardo"]
[Result "1-0"]
[WhiteElo "2044"]
[BlackElo "1767"]
[PlyCount "53"]
[EventDate "2007.11.16"]
[EventType "swiss"]
[EventRounds "5"]
[EventCountry "ITA"]
[SourceTitle "EXT 2010"]
[Source "ChessBase"]
[SourceDate "2010.11.25"]
[SourceVersion "1"]
[SourceVersionDate "2010.11.25"]
[SourceQuality "1"]

1. e4 c5 2. Nf3 Nc6 3. Nc3 Nf6 4. d4 cxd4 5. Nxd4 e5 6. Ndb5 d6 7. Bg5 a6 8. Bxf6 gxf6 9. Na3 b5 10. Nd5 Bg7 11. c3 f5 12. Bd3 Be6 13. Qf3 f4 14. g3 fxg3 15. hxg3 Ne7 16. Nc2 Bxd5 17. exd5 Ng6 18. Nb4 Qb6 19. Qg4 Qc5 20. a4 bxa4 21. Nxa6 Qa5 22. Rxa4 Qd8 23. Nc7+ Qxc7 24. Rxa8+ Ke7 25. Rxh8 Bxh8 26. Bxg6 fxg6 27. Rxh7+ 1-0

[Event "Imperia op-A 49th"]
[Site "Imperia"]
[Date "2007.09.09"]
[Round "9"]
[White "Mela, Riccardo"]
[Black "Pesce, Gabriele"]
[Result "1/2-1/2"]
[WhiteElo "2044"]
[BlackElo "2000"]
[PlyCount "88"]
[EventDate "2007.09.02"]
[EventType "swiss"]
[EventRounds "9"]
[EventCountry "ITA"]
[SourceTitle "EXT 2009"]
[Source "ChessBase"]
[SourceDate "2008.11.26"]
[SourceVersion "1"]
[SourceVersionDate "2008.11.26"]
[SourceQuality "1"]

1. e4 c5 2. Nf3 Nc6 3. d3 d6 4. g3 g6 5. Bg2 Bg7 6. 0-0 e6 7. c3 Nge7 8. Nbd2 b5 9. Re1 Rb8 10. Nf1 b4 11. Qc2 Ba6 12. Ne3 bxc3 13. bxc3 Nb4 14. cxb4 Bxa1 15. bxc5 dxc5 16. Ba3 Qa5 17. Qxc5 Qxc5 18. Bxc5 Bc3 19. Rc1 Bb4 20. Bxa7 Rc8 21. Nc4 Nc6 22. Be3 Na5 23. Bd2 Nxc4 24. Bxb4 Nb6 25. Rxc8+ Nxc8 26. d4 Bb7 27. Ne5 f6 28. Nd3 Kf7 29. Nc5 Ba8 30. f3 Rd8 31. Nb3 Nd6 32. Bf1 Bc6 33. Kf2 f5 34. e5 Nb5 35. Ke3 Nc7 36. Bd6 Nd5+ 37. Kf2 Ra8 38. a3 Ra4 39. Bd3 Nc3 40. Bb4 Na2 41. Bc5 Bd5 42. Nd2 Nc3 43. Bb4 Na2 44. Bc5 Nc3 1/2-1/2

[Event "Imperia Corallo op-A 1st"]
[Site "Imperia"]
[Date "2006.11.25"]
[Round "3"]
[White "Poletti, Fausto"]
[Black "Mela, Riccardo"]
[Result "0-1"]
[WhiteElo "2053"]
[BlackElo "2039"]
[PlyCount "94"]
[EventDate "2006.11.24"]
[EventType "swiss"]
[EventRounds "5"]
[EventCountry "ITA"]
[SourceTitle "EXT 2024"]
[Source "ChessBase"]
[SourceDate "2023.10.10"]
[SourceVersion "1"]
[SourceVersionDate "2023.10.10"]
[SourceQuality "1"]

1. Nf3 Nf6 2. c4 e6 3. Nc3 d5 4. d4 b6 5. g3 Bb7 6. Bg2 Be7 7. 0-0 dxc4 8. Qa4+ Nfd7 9. Qxc4 0-0 10. Bf4 c6 11. Rad1 b5 12. Qd3 Na6 13. e4 Nb6 14. h4 Nc4 15. Qb1 b4 16. Ne2 Nc7 17. Nd2 Ba6 18. Nxc4 Bxc4 19. Rfe1 Rc8 20. Qc2 Bb5 21. Qb3 a5 22. Qe3 Bd6 23. Rd2 Bxf4 24. Nxf4 Qe7 25. d5 exd5 26. exd5 Qxe3 27. Rxe3 cxd5 28. Nxd5 Nxd5 29. Rxd5 Rb8 30. Re7 a4 31. Rc5 h5 32. Bd5 b3 33. axb3 axb3 34. Rcc7 Be8 35. Rb7 Rxb7 36. Rxb7 Ba4 37. Bxb3 Bxb3 38. Rxb3 Rd8 39. Kg2 g6 40. Kf3 Kf8 41. Ke2 Kg7 42. Rd3 Rb8 43. b3 Kf6 44. Kd2 Rb7 45. Kc2 Ke5 46. Rf3 f6 47. Rc3 g5 0-1

[Event "Imperia op-A 41st"]
[Site "Imperia"]
[Date "1999.09.03"]
[Round "7.30"]
[White "Mela, Riccardo"]
[Black "Blasco, Domenico"]
[Result "1/2-1/2"]
[WhiteElo "1990"]
[BlackElo "2111"]
[PlyCount "121"]
[EventDate "1999.08.29"]
[EventType "swiss"]
[EventRounds "9"]
[EventCountry "ITA"]
[SourceTitle "EXT 2024"]
[Source "ChessBase"]
[SourceDate "2023.10.10"]
[SourceVersion "1"]
[SourceVersionDate "2023.10.10"]
[SourceQuality "1"]

1. e4 Nf6 2. e5 Nd5 3. d4 d6 4. Nf3 dxe5 5. Nxe5 g6 6. Bc4 c6 7. Nc3 Be6 8. Ne4 Nc7 9. Bxe6 Nxe6 10. c3 Bg7 11. 0-0 0-0 12. f4 Qd5 13. Qe2 c5 14. Nxc5 Nxc5 15. dxc5 Qxc5+ 16. Be3 Qc7 17. Bd4 e6 18. Rad1 Nc6 19. Nxc6 Qxc6 20. Bxg7 Kxg7 21. Rd4 Rfd8 22. Rfd1 Rxd4 23. Qe5+ Kg8 24. Qxd4 a5 25. h4 h5 26. Re1 a4 27. Re5 Rc8 28. Ra5 b5 29. Ra7 Qd5 30. Qxd5 exd5 31. Rb7 a3 32. bxa3 Rxc3 33. Rxb5 Rxa3 34. Rxd5 Rxa2 35. Kh2 Kg7 36. Rd6 Kf8 37. Rd7 Re2 38. Kg3 Re3+ 39. Kf2 Ra3 40. Rb7 Rc3 41. Ra7 Rc6 42. Kf3 Rc5 43. Ra3 Ke7 44. Rb3 Kf6 45. Ra3 Rb5 46. Ra6+ Kf5 47. Ra3 Ke6 48. Re3+ Kf5 49. Rc3 Rb4 50. g3 Ra4 51. Rb3 Ra7 52. Re3 Rb7 53. Re5+ Kf6 54. Re3 Rc7 55. Ra3 Ke6 56. Re3+ Kf6 57. Ra3 Re7 58. Ra6+ Kf5 59. Ra5+ Ke6 60. Ra6+ Kf5 61. Ra5+ 1/2-1/2

[Event "Imperia op-A 41st"]
[Site "Imperia"]
[Date "1999.08.31"]
[Round "3.30"]
[White "Mela, Riccardo"]
[Black "Soukup, Jiri"]
[Result "0-1"]
[WhiteElo "1990"]
[BlackElo "2084"]
[PlyCount "76"]
[EventDate "1999.08.29"]
[EventType "swiss"]
[EventRounds "9"]
[EventCountry "ITA"]
[SourceTitle "EXT 2024"]
[Source "ChessBase"]
[SourceDate "2023.10.10"]
[SourceVersion "1"]
[SourceVersionDate "2023.10.10"]
[SourceQuality "1"]

1. d4 d5 2. Nf3 Nf6 3. Bf4 Bf5 4. e3 e6 5. Bd3 Bg6 6. 0-0 Bd6 7. Bg3 0-0 8. Qe2 c5 9. Bxg6 hxg6 10. c4 Nc6 11. dxc5 Bxc5 12. Nc3 Qe7 13. Rfd1 Rfd8 14. Rac1 d4 15. exd4 Nxd4 16. Nxd4 Bxd4 17. Nb5 Bc5 18. a3 a6 19. Nc3 Bd4 20. Be5 Bxe5 21. Qxe5 Rac8 22. Rxd8+ Qxd8 23. Qe2 Qd4 24. Nd1 Ng4 25. Ne3 Nxe3 26. fxe3 Qe4 27. Kf2 f5 28. Qc2 Qe5 29. g3 Rd8 30. b3 Qd6 31. c5 Qd5 32. h4 Kh7 33. b4 e5 34. a4 f4 35. gxf4 exf4 36. exf4 Qd4+ 37. Kg3 Qe3+ 38. Kg4 Rd2 0-1

[Event "Imperia Province-ch"]
[Site "Imperia"]
[Date "1999.01.24"]
[Round "5"]
[White "Bianchin, Roberto"]
[Black "Mela, Riccardo"]
[Result "1/2-1/2"]
[WhiteElo "1713"]
[BlackElo "2014"]
[PlyCount "81"]
[EventDate "1999.01.22"]
[EventType "swiss"]
[EventRounds "5"]
[EventCountry "ITA"]
[SourceTitle "EXT 2024"]
[Source "ChessBase"]
[SourceDate "2023.10.10"]
[SourceVersion "1"]
[SourceVersionDate "2023.10.10"]
[SourceQuality "1"]

1. d4 Nf6 2. c4 e6 3. Nc3 d5 4. Bg5 Be7 5. e3 h6 6. Bh4 0-0 7. Nf3 b6 8. cxd5 exd5 9. Bd3 Bb7 10. 0-0 Ne4 11. Bxe7 Qxe7 12. Qc2 f5 13. Ne5 Rf6 14. f3 Nxc3 15. bxc3 Nd7 16. f4 Qe6 17. Kh1 c5 18. Bb5 Nf8 19. a4 a6 20. Bd3 c4 21. Be2 Nd7 22. g4 Nb8 23. gxf5 Qxf5 24. Qxf5 Rxf5 25. Rfb1 Rf6 26. Rb2 Bc8 27. Bf3 Ra7 28. Bxd5+ Be6 29. Bxc4 Bxc4 30. Nxc4 Rc6 31. Rxb6 Rxc4 32. Rxb8+ Kf7 33. Ra3 Re7 34. Rb4 Rc6 35. c4 a5 36. Rb5 Rxc4 37. Rxa5 Rc2 38. Rc5 Re2 39. Rb3 Re6 40. a5 Rg6 41. Rc7+ 1/2-1/2

[Event "Imperia Province-ch"]
[Site "Imperia"]
[Date "1999.01.23"]
[Round "3"]
[White "Mela, Riccardo"]
[Black "Platino, Maurizio"]
[Result "1/2-1/2"]
[WhiteElo "2014"]
[BlackElo "1776"]
[PlyCount "50"]
[EventDate "1999.01.22"]
[EventType "swiss"]
[EventRounds "5"]
[EventCountry "ITA"]
[SourceTitle "EXT 2024"]
[Source "ChessBase"]
[SourceDate "2023.10.10"]
[SourceVersion "1"]
[SourceVersionDate "2023.10.10"]
[SourceQuality "1"]

1. e4 c6 2. d4 d5 3. exd5 cxd5 4. Nf3 Nf6 5. c4 e6 6. Nc3 Nc6 7. Be2 Be7 8. 0-0 dxc4 9. Bxc4 0-0 10. h3 a6 11. Be3 b5 12. Be2 Bb7 13. Rc1 Rc8 14. Ne5 Nb4 15. a4 bxa4 16. Qxa4 Qd6 17. Rfd1 Rfd8 18. Nd3 Nxd3 19. Bxd3 Qc6 20. Qxc6 Rxc6 21. Na4 Rxc1 22. Rxc1 Nd5 23. Nc5 Bxc5 24. Rxc5 Rc8 25. Be4 h6 1/2-1/2

[Event "Imperia op 33rd"]
[Site "Imperia"]
[Date "1991.09.12"]
[Round "6.11"]
[White "Mela, Riccardo"]
[Black "Rossi, Giampiero"]
[Result "0-1"]
[WhiteElo "1900"]
[BlackElo "2028"]
[PlyCount "92"]
[EventDate "1991.09.07"]
[EventType "swiss"]
[EventRounds "9"]
[EventCountry "ITA"]
[SourceTitle "EXT 2024"]
[Source "ChessBase"]
[SourceDate "2023.10.10"]
[SourceVersion "1"]
[SourceVersionDate "2023.10.10"]
[SourceQuality "1"]

1. e4 c5 2. Nc3 e6 3. Nf3 a6 4. d4 cxd4 5. Nxd4 Qc7 6. Be2 Nf6 7. 0-0 Nc6 8. Nxc6 dxc6 9. Bg5 Be7 10. Bf3 0-0 11. Qe2 h6 12. Be3 Bd6 13. g3 e5 14. Na4 Qe7 15. Rfd1 Be6 16. Rxd6 Qxd6 17. Bc5 Qc7 18. Bxf8 Rxf8 19. Nc5 Bc8 20. Rd1 Rd8 21. Rd2 Rxd2 22. Qxd2 Nd7 23. Nd3 Nf8 24. Qc3 f6 25. Nc5 Ne6 26. Qb3 Qf7 27. Bg4 Nxc5 28. Qxf7+ Kxf7 29. Bxc8 a5 30. f3 Ke7 31. Kf2 b6 32. Ke3 Kd6 33. Bh3 Na4 34. b3 Nc3 35. a4 Kc5 36. Kd3 Kb4 37. Bd7 c5 38. Be8 c4+ 39. bxc4 Nxa4 40. Bf7 Nb2+ 41. Kd2 Nxc4+ 42. Kd3 b5 43. c3+ Kb3 44. Be8 Nd6 45. Bd7 a4 46. Be6+ Kb2 0-1

[Event "Imperia op 33rd"]
[Site "Imperia"]
[Date "1991.09.10"]
[Round "4.5"]
[White "Mela, Riccardo"]
[Black "Petursson, Margeir"]
[Result "0-1"]
[WhiteElo "1900"]
[BlackElo "2540"]
[PlyCount "98"]
[EventDate "1991.09.07"]
[EventType "swiss"]
[EventRounds "9"]
[EventCountry "ITA"]
[SourceTitle "EXT 2024"]
[Source "ChessBase"]
[SourceDate "2023.10.10"]
[SourceVersion "1"]
[SourceVersionDate "2023.10.10"]
[SourceQuality "1"]

1. e4 g6 2. d4 Bg7 3. Nf3 d6 4. Nc3 c6 5. Be2 Nd7 6. 0-0 Qc7 7. Be3 Ngf6 8. h3 b5 9. a3 a6 10. Nd2 e5 11. dxe5 dxe5 12. Nb3 0-0 13. Nc5 Nxc5 14. Bxc5 Rd8 15. Qc1 Nd7 16. Be7 Re8 17. Bg5 Nc5 18. Rd1 Ne6 19. Be3 Nd4 20. Bd3 Bb7 21. Ne2 c5 22. Nxd4 exd4 23. Bf4 Qb6 24. f3 Rac8 25. Kh1 Bc6 26. Rb1 c4 27. Bf1 Bd7 28. Re1 a5 29. Qd1 Qc5 30. Qc1 f5 31. exf5 Bxf5 32. Rxe8+ Rxe8 33. g4 Bd7 34. Qd2 Bc6 35. Bg2 Qf8 36. Rf1 c3 37. bxc3 dxc3 38. Qc1 Re2 39. Bg5 Qd6 40. Bf4 Qd4 41. h4 Be5 42. Bxe5 Qxe5 43. Rg1 Bxf3 44. Qg5 Qxg5 45. hxg5 Rxg2 46. Rxg2 b4 47. axb4 axb4 48. Kg1 Bxg2 49. Kxg2 b3 0-1

[Event "Imperia op 33rd"]
[Site "Imperia"]
[Date "1991.09.08"]
[Round "2.7"]
[White "Zlochevskij, Alexander"]
[Black "Mela, Riccardo"]
[Result "1-0"]
[WhiteElo "2440"]
[BlackElo "1900"]
[PlyCount "97"]
[EventDate "1991.09.07"]
[EventType "swiss"]
[EventRounds "9"]
[EventCountry "ITA"]
[SourceTitle "EXT 2024"]
[Source "ChessBase"]
[SourceDate "2023.10.10"]
[SourceVersion "1"]
[SourceVersionDate "2023.10.10"]
[SourceQuality "1"]

1. Nf3 Nf6 2. c4 c5 3. Nc3 e6 4. g3 b6 5. Bg2 Bb7 6. 0-0 Be7 7. d4 cxd4 8. Qxd4 Nc6 9. Qf4 Qb8 10. Nb5 d6 11. Rd1 Ne5 12. b3 a6 13. Nc3 Nxf3+ 14. Bxf3 Bxf3 15. Qxf3 0-0 16. a4 Qc7 17. Ba3 Rfd8 18. Rd2 Rac8 19. Rad1 Rd7 20. Rd3 h6 21. e3 Rcd8 22. Qg2 Bf8 23. h3 Be7 24. g4 g6 25. Qf3 Ne8 26. Kf1 Bf8 27. Ke2 Bg7 28. Bb4 Bf8 29. h4 Kh7 30. Qg3 f5 31. h5 g5 32. f4 gxf4 33. Qxf4 fxg4 34. Qe4+ Kh8 35. Qxe6 Re7 36. Qg6 Qd7 37. Nd5 Re6 38. Qxg4 Bg7 39. Rg1 Qf7 40. Nf4 Rf6 41. Bc3 Rf5 42. Bxg7+ Nxg7 43. Qxg7+ Qxg7 44. Rxg7 Rxf4 45. Rg6 Rf5 46. Rxh6+ Kg7 47. Rdxd6 Rxh5 48. Rhg6+ Kf7 49. Rxd8 1-0

[Event "Imperia op 33rd"]
[Site "Imperia"]
[Date "1991.09.07"]
[Round "1.21"]
[White "Mela, Riccardo"]
[Black "Bossi, Alessandro"]
[Result "1-0"]
[WhiteElo "1900"]
[BlackElo "2012"]
[PlyCount "41"]
[EventDate "1991.09.07"]
[EventType "swiss"]
[EventRounds "9"]
[EventCountry "ITA"]
[SourceTitle "EXT 2024"]
[Source "ChessBase"]
[SourceDate "2023.10.10"]
[SourceVersion "1"]
[SourceVersionDate "2023.10.10"]
[SourceQuality "1"]

1. e4 c6 2. d4 d5 3. e5 Bf5 4. Bd3 Bxd3 5. Qxd3 e6 6. Ne2 Qb6 7. Nbc3 Qa6 8. Qh3 Nd7 9. Be3 Ne7 10. 0-0 c5 11. dxc5 Nc6 12. a3 Ndxe5 13. b4 h5 14. Nd4 Ng4 15. Bg5 Be7 16. Ncb5 Rc8 17. Bxe7 Kxe7 18. Nd6 Rb8 19. Rfe1 Qa4 20. f3 Nf6 21. Nxe6 1-0